Gaming Quiz

Random Gaming or Pokémon Quiz

Video Games by Cushion Quiz Stats

 Plays Quiz Updated Apr 18, 2018

Challenge
Share
Tweet
Score 0/20 Timer 05:00
1 Play Today
Hint Answer % Correct
Sonic the Hedgehog
98.1%
Super Mario Bros.
95%
Pac-Man
94.6%
Angry Birds
94.3%
Donkey Kong
92.5%
Tetris
89.4%
Pokémon
88.3%
Minecraft
87.4%
Assassin's Creed
83.1%
Space Invaders
77.3%
Hint Answer % Correct
The Legend of Zelda
72.7%
The Sims
70.3%
Mega Man
69.6%
Fallout
67%
Half-Life
58%
Street Fighter
52.4%
Portal
51%
Resident Evil
40%
Castlevania
37.6%
Hearthstone
26.2%

You're not logged in!

Compare scores with friends on all Sporcle quizzes.
Join for Free
OR
Log In

You Might Also Like...

Show Comments

Extras

Top Quizzes Today


Score Distribution

Your Account Isn't Verified!

In order to create a playlist on Sporcle, you need to verify the email address you used during registration. Go to your Sporcle Settings to finish the process.

Report this User

Report this user for behavior that violates our Community Guidelines.

Details: